000 00455nam a2200181Ia 4500
005 20250508163045.0
008 008 250505s9999 xx 000 0 hin d
037 _aTextual
040 _aFEDL
_beng
_cFEDL
041 _ahin
_2eng
084 _a790, AGY
_qFEDL
100 _aAgyat
245 0 _aBhartiya rangamanch ka vivechanatmak itihas
260 _c1978
300 _a607p.
942 _cTEXL
_h790, AGY
999 _c1380560
_d1380560